000 00406nam a2200145Ia 4500
008 231129s2015||||xx |||||||||||||| ||spa||
020 _a978-84-9871-400-5
040 _bspa
082 _a(i) A863 C186q
100 _aCampanari José
245 0 _a¡Qué mal huele!
260 _c2015
264 _aBogotá Colombia : Panamericana Formas e Impresos
942 _2ddc
_cBKS
999 _c4350
_d4350